Ajax's Super Invincibles - Statistics

General Stats
  • This quiz has been taken 57 times
  • The average score is 9 of 14
Answer Stats
Super Invincibles Position Nation Player % Correct
Super Invincibles GK Dutch Edwin van der Sar
98%
Super Invincibles MF Finnish Jari Litmanen
89%
Super Invincibles DF Dutch Frank de Boer
84%
Super Invincibles Manager Dutch Louis van Gaal
80%
Super Invincibles FW (sub) Dutch Patrick Kluivert
78%
Super Invincibles FW Dutch Ronald de Boer
73%
Super Invincibles MF Dutch Clarence Seedorf
64%
Super Invincibles MF Dutch Edgar Davids
60%
Super Invincibles MF Dutch Frank Rijkaard
60%
Super Invincibles DF Dutch Danny Blind
56%
Super Invincibles FW (sub) Nigerian Nwankwo Kanu
56%
Super Invincibles FW Dutch Marc Overmars
53%
Super Invincibles FW Nigerian Finidi George
40%
Super Invincibles DF Dutch Michael Reiziger
38%
No matching quizzes found
Score Distribution
Percent of People with Each Score
Percentile by Number Answered
Your Score History
You have not taken this quiz